Highest-Grossing Musical Theater Productions - Statistics

General Stats
  • This quiz has been taken 672 times
  • The average score is 9 of 25
Answer Stats
Gross Revenue (USD) Musical % Correct
$1,332,433,262 The Phantom of the Opera
82%
$453,624,091 Cats
78%
$807,431,686 Hamilton
77%
$1,812,000,933 The Lion King
75%
$1,491,508,709 Wicked
70%
$514,794,489 Les Misérables
64%
$274,248,128 Rent
51%
$724,155,835 Chicago
50%
$624,391,693 Mamma Mia
42%
$725,668,847 The Book of Mormon
38%
$542,293,991 Aladdin
34%
$429,158,458 Beauty and the Beast
34%
$294,558,648 Mary Poppins
26%
$322,103,948 Miss Saigon
26%
$270,272,357 Dear Evan Hansen
25%
$558,416,092 Jersey Boys
20%
$198,165,852 Matilda
20%
$318,990,092 Kinky Boots
19%
$288,361,724 The Producers
18%
$252,181,270 Hairspray
16%
$183,514,398 Billy Elliot
12%
$212,406,040 Spider-Man: Turn Off the Dark
11%
$175,000,000 Spamalot
10%
$165,928,398 Aida
7%
$250,000,000 Beautiful: The Carole King Musical
6%
No matching quizzes found
Score Distribution
Percent of People with Each Score
Percentile by Number Answered
Your Score History
You have not taken this quiz